00238nam a22000977a 4500040000800000082002600008100002500034245003900059260002600098300001600124 cRUA a005 MCG 1997 C220 Or. a O'Leary, Timothy J. aMicrosoft Works 4.0 for Windows 95 aPhnom penhbruac2002 a580p.bill.